LEADER 01344nam a2200313 u 4500 001 000000049242 003 CaOOAMICUS 005 20070226115105.0 008 000622s2000 it u000 u ita u 020 $a8810241061 035 $a10850718 040 $aPUL$bita 245 00$aEnchiridion della famiglia :$bdocumenti magisteriali e pastorali su famiglia e vita : 1965-1999 /$ca cura del Pontificio Consiglio per la famiglia. 260 $aBologna :$bEDB,$cc2000. 300 $axviii, 1119, 104 p. ;$c17 cm 490 1 $aStrumenti 500 $aIndici: p. [3]-104. 504 $aBibliografia in nota. 630 04$aEnchiridion.$0(OLS)http://pul/subject/20751 650 4$aFamiglia.$0(OLS)http://pul/subject/1197 710 2 $aPontificio Consiglio per la famiglia.$0(OLS)http://pul/name/21287 850 $aPUL 852 $aPUL$W1$xSL Cons. Gen., Altre Classi 1$y1$m1382 I 21$j65460$nBK-PRI$b $qStampati$B65460$CPULBib$Z2$F65460 $H $81 910 $aPontificium Consilium pro familia$921287 941 1 $a8 961 $aINV: 82088 996 $6020$a8810241061$9(OLS)http://pul/number/62157 996 $6245$aEnchiridion della famiglia :$bdocumenti magisteriali e pastorali su famiglia e vita : 1965-1999$9(OLS)http://pul/title/66391 996 $6260$aBologna :$bEDB$9(OLS)http://pul/publisher/56073 LEADER 01181nam a2200253 a 4500 001 000000112116 003 CaOOAMICUS 005 20080625154028.0 008 080625s2008 it m 000 0 ita d 040 $aPUL$bita$dLDB 100 1 $aSilvestri, Daniela.$0(OLS)http://pul/name/69049 245 13$aLa nozione filosofica di "senso comune" e la didattica della filosofia nella scuola /$cDaniela Silvestri. 260 $aRoma :$bPontificia Università Lateranense,$c2008. 300 $a133 p. ;$c24 cm 500 $aIn testa al front.: Theses ad Doctoratum in Philosophia. 502 $aDiss. (Doct.)--Pontificia Università Lateranense, 2008. 504 $aBibliografia: p. 123-133. 650 14$aSenso comune.$0(OLS)http://pul/subject/20762 650 14$aFilosofia$xDidattica.$0(OLS)http://pul/subject/22224 850 $aPUL 852 $aPUL$W1$xDP1 Tesi Pon Univ. Lateranense$y41$m2008 A 6$j128363$qTesi$B127206$CPULBib$Z2$F127206 $82 941 1 $a16 996 $6245$aLa nozione filosofica di "senso comune" e la didattica della filosofia nella scuola$9(OLS)http://pul/title/140944 996 $6260$aRoma :$bPontificia Università Lateranense$9(OLS)http://pul/publisher/47963